Composite materials in maritime structures. (Record no. 3313)
[ view plain ]
| 000 -LEADER | |
|---|---|
| fixed length control field | 01930nam a2200397 i 4500 |
| 006 - FIXED-LENGTH DATA ELEMENTS--ADDITIONAL MATERIAL CHARACTERISTICS--GENERAL INFORMATION | |
| fixed length control field | m|||||o||d|||||||| |
| 007 - PHYSICAL DESCRIPTION FIXED FIELD--GENERAL INFORMATION | |
| fixed length control field | cr|||||||||||| |
| 008 - FIXED-LENGTH DATA ELEMENTS--GENERAL INFORMATION | |
| fixed length control field | 100421s1993||||enk o ||1 0|eng|d |
| 020 ## - INTERNATIONAL STANDARD BOOK NUMBER | |
| International Standard Book Number | 9780511751837 (ebook) |
| 040 ## - CATALOGING SOURCE | |
| Original cataloging agency | IMU Kochi Library |
| Language of cataloging | eng |
| 041 0# - LANGUAGE CODE | |
| Language code of text/sound track or separate title | eng |
| 082 00 - DEWEY DECIMAL CLASSIFICATION NUMBER | |
| Classification number | 620/.4162 |
| Edition number | 20 |
| 245 00 - TITLE STATEMENT | |
| Title | Composite materials in maritime structures. |
| Number of part/section of a work | Volume 1, |
| Name of part/section of a work | Fundamental aspects / |
| 300 ## - PHYSICAL DESCRIPTION | |
| Extent | 1 online resource (xvi, 351 pages) : |
| Other physical details | digital, PDF file(s). |
| 490 1# - SERIES STATEMENT | |
| Series statement | Cambridge ocean technology series ; |
| Volume number/sequential designation | 4 |
| 500 ## - GENERAL NOTE | |
| General note | Title from publisher's bibliographic system (viewed on 05 Oct 2015). |
| 520 ## - SUMMARY, ETC. | |
| Summary, etc | The two volumes that comprise this work provide a comprehensive guide and source book on the marine use of composite materials. This first volume, Fundamental Aspects, provides a rigourous development of theory. Areas covered include materials science, environmental aspects, production technology, structural analysis and the role of standard test procedures. These volumes will provide an introduction to this important and fast-growing area for students and researchers in naval architecture and maritime engineering. It will also be of value to practising engineers as a comprehensive reference book. |
| 650 #0 - SUBJECT ADDED ENTRY--TOPICAL TERM | |
| Topical term or geographic name as entry element | Marine engineering |
| General subdivision | Materials. |
| 650 #0 - SUBJECT ADDED ENTRY--TOPICAL TERM | |
| Topical term or geographic name as entry element | Ocean engineering |
| General subdivision | Materials. |
| 650 #0 - SUBJECT ADDED ENTRY--TOPICAL TERM | |
| Topical term or geographic name as entry element | Fiber-reinforced plastics. |
| 700 1# - ADDED ENTRY--PERSONAL NAME | |
| Personal name | Shenoi, R. A., |
| Relator term | |
| 700 1# - ADDED ENTRY--PERSONAL NAME | |
| Personal name | Wellicome, J. F., |
| Relator term | |
| 830 #0 - SERIES ADDED ENTRY--UNIFORM TITLE | |
| Uniform title | Cambridge ocean technology series ; |
| Volume number/sequential designation | 4. |
| 852 ## - LOCATION/CALL NUMBER | |
| Location | IMU Kochi Library |
| 856 40 - ELECTRONIC LOCATION AND ACCESS | |
| Uniform Resource Identifier | <a href="https://doi.org/10.1017/CBO9780511751837">https://doi.org/10.1017/CBO9780511751837</a> |
| 904 ## - LOCAL DATA ELEMENT D, LDD (RLIN) | |
| CATALOGER | Rudra Ranjan |
| 905 ## - LOCAL DATA ELEMENT E, LDE (RLIN) | |
| VERIFIER | Rudra Ranjan |
| 942 ## - ADDED ENTRY ELEMENTS (KOHA) | |
| Item type | E-Book |
| 264 #1 - | |
| -- | Cambridge : |
| -- | Cambridge University Press, |
| -- | 1993. |
| 338 ## - | |
| -- | online resource |
No items available.